000 00319nam a2200121 i 4500
001 bg
245 0 _aTechnologia produkcji tytanu i dwutlenku tytanu /
_cpod kier. Krzysztofa Szkudlarskiego.
260 _aWrocław,
_c1974.
040 _cBPK
041 _apol
942 _cKS
008 s pl f |000 0 pol
999 _c26559
_d26559
856 _uhttp://koha.tu.koszalin.pl/cgi-bin/koha/opac-detail.pl?biblionumber=26559
_yKatalog online BPK